Guessing Quiz! - Statistics

General Stats
  • This quiz has been taken 33 times
  • The average score is 4 of 18
Answers on the Grid
Answers color-coded by a green-red scale on the quiz's grid according to % correct below.
IM A WRONG ENSWAR! :(
IM A CORRECT ANSWER!
IM A WRONG ANSWER! :(
IM A CORRECT ANSWER!
IM A CORRECT ANSWER!
IM A CORRECT ANSWER!
IMMA CORRECT ANSWER!
IM A CORRECT ANSWER!
IM A WRONG ANSWER!! :(
IM A CORRECT ANSWER!
IM A CORRECT ANSWER!
IM A CORRECT ANSWERi
IM A CORRECT ANSWER!
IM A WRONG ANSWER! :(
IM A WRONG ANSWER! :O
IM A WRONG ANSWER! :(
|M A CORRECT ANSWER!
IM A CORRECT ANSWER!
IM A CORECT ANSWER!
IM A RONG ANSWER! :(
I AM A WRONG ANSWER! :(
IM A CORRECT ANSWER!
IM Å CORRECT ANSWER!
IM A WONG ANSWER! :(
IM A WRONG ANSWER! :(
IM A CORRECT ANSWER!
IM A CORRECT ANSWER
IM A WRONG ANSWER! :(
IM A CORRECTCO ANSWER!
IM A CORRECT ANSWER!
 
Answer Stats
Answer % Correct
IM A CORRECT ANSWER!
53%
IM A CORRECT ANSWER!
37%
IM A CORRECT ANSWER!
32%
IM A CORRECT ANSWER!
32%
IM A CORRECT ANSWER!
32%
IM A CORRECT ANSWER!
26%
IM A CORRECT ANSWER!
21%
IM A CORRECT ANSWER!
21%
IM A CORRECT ANSWER!
21%
IM A CORRECT ANSWER!
21%
IM A CORRECT ANSWER!
16%
IM A CORRECT ANSWER!
11%
IM A RONG ANSWER! :(
11%
IM A WONG ANSWER! :(
11%
IM A WRONG ANSWER!! :(
5%
IM A WRONG ANSWER! :O
5%
IM A WRONG ENSWAR! :(
5%
IM A WRONG ANSWER! :(
0%
No matching quizzes found
Score Distribution
Percent of People with Each Score
Percentile by Number Answered
Your Score History
You have not taken this quiz